000 02068nam a2200337 i 4500
001 000009126
003 DO-SdBNP
005 20260427164009.0
007 ta
008 090928s1976 dr 001 0 spa d
040 _aDO-SdBNP
_bspa
_cBNPHU
_erda
082 4 _aRD861.4409
_bB142p
_222
100 1 _aBaeza Flores, Alberto,
_d1914-1998
_97565
245 1 3 _aLa poesía dominicana en el siglo XX :
_bhistoria, crítica, estudio comparativo y estilístico /
_cAlberto Baeza Flores ; prólogo, Héctor Inchaustegui Cabral.
264 4 _aSantiago de los Caballeros, República Dominicana :
_bEditora Universidad Católica Madre y Maestra,
_c1976.
300 _avolumenes ;
_c21 cm.
336 _atexto
_btxt
_2rdacontent
337 _asin mediación
_bn
_2rdamedia
338 _avolumen
_bnc
_2rdacarrier
490 0 _aColección Estudios
505 2 _av.1--
_tModernismo, vedrinismo, postumismo y los triálogos (1883-1943) --
_gv.2.
_tGeneraciones y tendencias, poetas independientes, la Poesía Sorprendida, suprarrealismo, dominicanidad y universalidad. (1943-1947) --
_gv. 3.
_tDe la poesía sorprendida a entre las soledades ;
_tExpresiones plurales de lo dominicano ;
_tanálisis antológico del medio siglo ;
_tLa isla necesaria ;
_tEl silbo vulnerado y los poetas de 1948 (1947-1961) --
_gv. 4.
_tBrigadas dominicanas ;
_tBaluarte ;
_tTestimonio ;
_tPoesía patriotica, social y revolucionaria
_tLos poetas de 1965 ;
_tEl pluralismo y las nuevas vanguardias ;
_tLos poetas en Provincias
_tConsideraciones finales ;
_tApéndices y bibliografía (1961-1980).
590 _aInventariado, 2019/LP
650 4 _aPoesía dominicana
_xHistoria y crítica
_ySiglo XX
_923590
650 4 _aPoesía patriótica dominicana
_ySIiglo XX
_923787
650 4 _aPoesía revolucionaria dominicana
_ySiglo XX
_923788
650 4 _aAutores dominicanos
_xHistoria y crítica
_ySiglo XX
_923591
650 4 _aLiteratura dominicana
_ySiglo XX
_985167
700 1 _aIncháustegui Cabral, Héctor,
_d1912-1979
_eprologuista
_921024
_4pr.
910 _aValidado. Control de calidad MMOLINA
942 _2ddc
_cLBS1
999 _c8890
_d8890